| 000 | 00560nam a2200229Ia 4500 | ||
|---|---|---|---|
| 008 | 180207s9999 xx 000 0 und d | ||
| 020 | _a9780545150613 | ||
| 050 | _bS857th 2010 | ||
| 100 | _aStilton, Geronimo | ||
| 245 | _aThea Stilton : | ||
| 245 | _band the secret city / | ||
| 245 | _cGeronimo Stilton. | ||
| 260 | _aBroadway, New York | ||
| 260 | _bScholastic, | ||
| 260 | _c2010 | ||
| 300 | _a161 pages : | ||
| 300 | _bcolor illustrations ; | ||
| 300 | _c19cm. | ||
| 440 | _aGeronimo Stilton. | ||
| 700 | _aSeries. | ||
| 700 | _aTitle. | ||
| 999 |
_c354969 _d354969 |
||